Maternity, newborn, and women's health nursing : (Record no. 7997)
[ view plain ]
| 000 -LEADER | |
|---|---|
| fixed length control field | 00633cam a22001814a 4500 |
| 020 ## - INTERNATIONAL STANDARD BOOK NUMBER | |
| ISBN | 0781742544 |
| 020 ## - INTERNATIONAL STANDARD BOOK NUMBER | |
| ISBN | 9780781742542 |
| 050 00 - CALL NUMBER | |
| Classification number | RG951 |
| Item number | .O774 |
| 100 1# - AUTHOR | |
| Personal name | Orshan, Susan A. |
| 245 10 - TITLE | |
| Title | Maternity, newborn, and women's health nursing : |
| Remainder of title | comprehensive care across the lifespan / |
| Statement of responsibility, etc | Susan A. Orshan. |
| 260 ## - PUBLICATION INFORMATION | |
| Place of publication | Philadelphia : |
| Name of publisher | Wolters Kluwer/Lippincott Williams & Wilkins, |
| Year of publication | c2008. |
| 300 ## - DESCRIPTION | |
| Number of Pages | xxii, 1126 p. : |
| Other physical details | ill. (chiefly col.) ; |
| Dimensions | 29 cm. + |
| Accompanying material | 1 CD-ROM (4 3/4 in.) |
| 650 #0 - SUBJECTS | |
| Topical Term | Maternity nursing. |
| 650 #0 - SUBJECTS | |
| Topical Term | Gynecologic nursing. |
| 650 12 - SUBJECTS | |
| Topical Term | Maternal-Child Nursing. |
| 650 12 - SUBJECTS | |
| Topical Term | Women's Health. |
| 942 ## - ADDED ENTRY ELEMENTS (KOHA) | |
| Koha item type | Books |
| Withdrawn status | Lost status | Home library | Current library | Date acquired | Full call number | Accession Number | Koha item type |
|---|---|---|---|---|---|---|---|
| Methodist University Library Wenchi Nursing | Methodist University Library Wenchi Nursing | 21/10/2021 | RG951 .O774 | 37151 | Books |